000 01344nam a2200337 a 4500
001 000113761
003 CHAP
005 20220329144411.0
008 170918s2017 mx sm |||||||spa d
010 _a110222
011 _a111194
040 _cCHAP
090 _aTesis
100 1 _aTapia Velázquez, Benjamín
_9133394
245 1 0 _aDiseño y evaluación financiera de un servicio de gestión de inovación para la red de producción del cultivo de chía (Salvia hispánica l.) en Acatic, Jalisco.
_h[En línea]
_cpor Benjamín Tapia Velázquez.
260 _aChapingo, Méx. :
_bEl autor,
_c2017.
500 _aPara ver el contenido del material haga clic en la liga
502 _aTesis (Maestro en Estrategia Agroempresarial) -- UACH. CIESTAAM
590 _aBATCH-UPD
_b05
_c20170918
_lUCH01
_h0906
590 _aE11695DGD
_b10
_c20170918
_lUCH01
_h1053
590 _aE11695DGD
_b10
_c20170918
_lUCH01
_h1055
590 _aE6339RRR
_b05
_c20170918
_lUCH01
_h0905
590 _aE6339RRR
_b05
_c20170918
_lUCH01
_h0910
650 1 4 _aSalvia hispánica
_xAspectos económicos.
_9133393
650 1 4 _aSalvia hispánica
_xInnovaciones tecnológicas.
_9133392
650 1 4 _aSalvia hispanica
_xProducción.
_9128944
856 _aFinding aid
_uhttp://10.13.5.2/tesis/sist113761.pdf
_zTeclea aquí
901 _aBK
942 _cTESIS
942 _n0
999 _c110222
_d110222